6 Primary Biomes - Statistics

General Stats
  • This quiz has been taken 40 times
  • The average score is 4 of 6
Answer Stats
Answer % Correct
Desert
100%
Tropical Rain Forest
83%
Tundra
83%
Grassland
69%
Coniferous Forest
64%
Deciduous Forest
36%
No matching quizzes found
Score Distribution
Percent of People with Each Score
Percentile by Number Answered
Your Score History
You have not taken this quiz